000 00396nam a2200181Ia 4500
005 20250423100035.0
008 250422s9999 xx 000 0 und d
020 _a0-446-51469-1
050 _aHQ801.K48
100 _aMargarret Kent
245 0 _aLove at Work
260 _aNew York
260 _bWarner Books
260 _c1988
300 _a192 p
650 _aLiterature
942 _cBK
999 _c32103
_d32103